LEADER 01121nam a2200253 i 4500 001 000000091977 003 CaOOAMICUS 005 20170420000000.0 008 170420s2002 xx u000 u ger u 013 $a64219 040 $aSeMil$bita 100 1 $aWeidmann, Fritz.$0(OLS)http://semarc/name/92412 245 10$aDidaktik des Religionsunterrichts :$bein Leitfaden /$cFritz Weidmann (Hrsg.) ; Ein Leitfaden von Bernhard Jendorff. 250 $aNeuausg., 8., mehrfach neu bearb. und erw. Aufl. 260 $aDonauwörth :$bAuer,$c2002. 300 $a427 p. :$bill. ;$c22 cm. 650 4$aReligione - Insegnanti - Formazione.$0(OLS)http://semarc/subject/22464 650 4$aReligione - Insegnamento.$0(OLS)http://semarc/subject/3342 700 1 $aJendorff, Bernhard.$0(OLS)http://semarc/name/92413 850 $aSeMil 852 $aSeMil$W1$xVenegono$y1$m2D IV 329$j54913$B54913$CSeMilBibl$Z2$F59578 $81 961 $aOmaggio: Lorenzi don Ugo 996 $6245$aDidaktik des Religionsunterrichts :$bein Leitfaden$9(OLS)http://semarc/title/406097 996 $6260$aDonauwörth :$bAuer$9(OLS)http://semarc/publisher/56836 LEADER 01221nam a2200277 i 4500 001 000000219122 003 CaOOAMICUS 005 20130311000000.0 008 130311s2010 it u000 u ita u 013 $a198019 020 $a978-88-399-2186-4 040 $aSeMil$bita 100 1 $aPorsch, Felix <1928-2001>.$0(OLS)http://semarc/name/50429 240 10$aKleine Einführung in die Theologie des Neuen Testament.$0(OLS)http://semarc/title/314414 245 10$aBreve introduzione alla teologia del Nuovo Testamento /$cFelix Porsch. 260 $aBrescia :$bQueriniana,$c2010. 300 $a229 p. ;$c23 cm. 490 0 $aIntroduzioni e trattati ;$v36 650 4$aBibbia. Nuovo Testamento - Teologia.$0(OLS)http://semarc/subject/2289 830 0$aIntroduzioni e trattati ;$v36.$0(OLS)http://semarc/title/6007 850 $aSeMil 852 $aSeMil$W1$xVenegono$y1$m2W IV 305$j169487$B169487$CSeMilBibl$Z2$F180270 $81 961 $aAcquisto: LI.CO.SA 996 $6020$a978-88-399-2186-4$9(OLS)http://semarc/number/217114 996 $6245$aBreve introduzione alla teologia del Nuovo Testamento$9(OLS)http://semarc/title/314413 996 $6260$aBrescia :$bQueriniana$9(OLS)http://semarc/publisher/29615